Stany USA w kolejności alfabetycznej - Statystyki

Ogólne statystyki
  • Ten quiz został rozwiązany 15 razy
  • Średni wynik to 33 z 50
Statystyki odpowiedzi
Stan % Poprawnych
Alabama
100%
Alaska
100%
Arizona
93%
Arkansas
93%
Connecticut
79%
Dakota Północna
79%
Dakota Południowa
79%
Delaware
79%
Floryda
79%
Georgia
79%
Hawaje
79%
Idaho
79%
Indiana
79%
Illinois
71%
Iowa
71%
Maryland
71%
Massachusetts
71%
Minnesota
71%
Missisipi
71%
Kansas
64%
Karolina Północna
64%
Karolina Południowa
64%
Kolorado
64%
Luizjana
64%
Maine
64%
Michigan
64%
Missouri
64%
Nevada
64%
New Hampshire
64%
New Jersey
64%
Nowy Jork
64%
Nowy Meksyk
64%
Oregon
64%
Kalifornia
57%
Kentucky
57%
Montana
57%
Nebraska
57%
Ohio
57%
Oklahoma
57%
Rhode Island
57%
Tennessee
57%
Utah
57%
Wirginia
57%
Wirginia Zachodnia
57%
Wisconsin
57%
Wyoming
57%
Teksas
50%
Waszyngton
50%
Vermont
43%
Pensylawania
0%
Nie znaleziono quizów pasujących do podanych kryteriów
Rozkład punktacji
Procent ludzi z każdym wynikiem
Percentyl według liczby udzielonych odpowiedzi
Twoja historia wyników
Nie rozwiązałeś tego quizu